| 000 | 00349nam a2200145Ia 4500 | ||
|---|---|---|---|
| 008 | 150301s2003 xx 000 0 und d | ||
| 082 |
_a616.079 _bI13H |
||
| 100 | _aHOSSAIN, MD. AKRAM | ||
| 245 | _aIMMINOLOGY A SHORT TEXT BOOK | ||
| 250 | _a2ND | ||
| 260 |
_bJAYPEE _aDELHI _c2003 |
||
| 300 | _a207 | ||
| 650 | _aMICROBIOLOGY | ||
| 942 |
_2ddc _cBK _032 |
||
| 999 |
_c6619 _d6619 |
||